Žraloci a jiní obyvatelé mořských hlubin

Bibliographic Details
Other Authors: Steele, Philip (Lyricist), Camm, Martin (Illustrator), Pašková, Olesa (Translator)
Format: Book
Language:Czech
English
PhysicalDescription:64 str. ilustr.
Published: Martin Osveta 1993
ISBN:8021705434
Edition:1.
Series:Okna do světa
Subjects:

MARC

LEADER 00000nam a2200000 a 4500
001 vtls008206199
003 SK-MaSNL
005 20260331204459.0
008 170706s1993 xo 000 0 cze
020 |a 8021705434 
035 |a SVKPOKN017678 
035 |a urn:nbn:sk:snk-amlnso 
035 |a urn:nbn:sk:snk-am00bzdk 
035 |a 0A56180C-1289-41A9-8531-7351A1136C7B 
040 |a SNK  |b slo  |c SNK  |e AACR2 
041 0 |a cze  |h eng 
044 |a xo  |c SK 
080 |a 597.3  |2 1981 
100 1 |a Steele, Philip  |4 lyr  |9 277965 
245 1 0 |a Žraloci a jiní obyvatelé mořských hlubin  |c Philip Steele; Martin Camm; Olesa Pašková 
250 |a 1. 
260 |a Martin  |b Osveta  |c 1993  |e Prešov  |f Polygraf 
300 |a 64 str.  |b ilustr. 
490 0 |a Okna do světa 
650 0 7 |a žraloky  |2 SNKPH  |9 21017 
655 7 |a odborné publikácie  |2 SNKPH  |9 60423 
655 7 |a populárno-náučné publikácie  |2 SNKPH  |9 70460 
700 1 |a Camm, Martin  |4 ill  |9 41264 
700 1 |a Pašková, Olesa  |4 trl  |9 46166 
919 |a 80-217-0543-4 
999 |c 1163636  |d 1165566 
952 |a SNK  |b SNK  |y PREZ  |7 0  |p 17A0905377  |o snkSB 52432  |i snkKSP 4145/94  |0 0  |1 0  |4 0  |d 2013-03-26  |f 1  |l 0  |r 2025-03-18 00:00:00  |w 2026-02-24